Elektronické verejné obstarávanie - vybrané aspekty

Prednosti elektronického obchodovania. Vplyv informačných a komunikačných technológií na rozvoj elektronicky poskytovaných služieb. Elektronická komunikácia v orgánoch verejnej správy. Problematika elektronického podpisu. Elektronické verejné obstarávanie (e procurement).

Guardado en:
Detalles Bibliográficos
Autor principal: Potisková, Ingrid
Formato: Capítulo de libro
Lenguaje:eslovaco
Materias:
Etiquetas: Agregar Etiqueta
Sin Etiquetas, Sea el primero en etiquetar este registro!

MARC

LEADER 00000naa$a2200000$$$4500
001 0051370
005 20240502071611.9
041 0 |a slo 
044 |a SK 
245 1 0 |a Elektronické verejné obstarávanie - vybrané aspekty  |c Ingrid Potisková 
520 |a Prednosti elektronického obchodovania. Vplyv informačných a komunikačných technológií na rozvoj elektronicky poskytovaných služieb. Elektronická komunikácia v orgánoch verejnej správy. Problematika elektronického podpisu. Elektronické verejné obstarávanie (e procurement). 
610 2 0 |a obstarávanie verejné 
610 2 0 |a obchod elektronický 
610 2 0 |a technológie informačné 
610 2 0 |a technológie komunikačné 
610 2 0 |a internet 
610 2 0 |a podnikanie elektronické 
610 2 0 |a podpis elektronický 
610 2 0 |a správa verejná 
100 1 |a Potisková, Ingrid